00327nam a2200109Ia 4500008004100000041000800041082001600049100001600065245008000081260003700161300001900198241028s9999 xx 000 0 und d aeng a658.301 CLA aNina Clarke aSustainable Human Resource Management: Strategies, Practices And Challenges bClanrye InternationalaUSAc2023 a245;. P. 28 cm